Football : Classement La Liga (2024-2025) - Statistiques

Statistiques générales
  • Ce quiz a été pris 210 fois
  • Le résultat moyen est 9 sur 20
Statistiques - réponses
Position Points Equipes % Correct
1 88 FC Barcelone
100%
2 84 Real Madrid
100%
3 76 Atletico Madrid
97%
4 70 Athletic Bilbao
76%
6 60 Betis Seville
63%
5 70 Villareal FC
63%
17 41 FC Séville
40%
7 55 Celta Vigo
37%
12 46 CF Valence
37%
11 46 Real Sociedad
36%
8 52 Rayo Vallecano
32%
19 32 UD Las Palmas
32%
16 41 FC Girona
31%
9 52 CA Osasuna
27%
13 42 CF Getafe
27%
18 40 CD Leganes
26%
20 16 CD Valladolid
25%
14 42 Espanyol Barcelone
24%
10 48 RC Majorque
24%
15 42 Deportivo Alaves
22%
Aucun quiz correspondant
Distribution des résultats
% des personnes avec chaque résultat
Percentile par nombre de réponses
Votre historique - résultats
Vous n’avez pas pris ce quiz